000 00540nam a2200181 i 4500
001 95969
003 ES-MaACL
005 20230906181818.0
007 t|
008 050608s1959 sp ||||1| spa d
100 1 _aMachimbarrena, Juan.
_975184
245 1 3 _aEl átomo y sus conquistas
_b: (divulgaciones técnicas) /
_cJuan Machimbarrena.
260 _aMadrid :
_bDossat,
_c1959.
300 _a270 p., 5 h. :
_bil. ;
_c22 cm.
650 _aÁtomos.
_910411
650 4 _aEnergía nuclear.
_912254
852 _aES-MaACL
_jC-15413
_bR.43107
999 _c95969
_d95969